000 01005nam0a2200325 4500
001 RU\NLR\bibl\1189122
005 20250615094644.0
010 _a978-5-9524-3196-6
_95000
021 _aRU
_b2007-91103
_94925
035 _a(NLR Aleph) 001175687
090 _a1625483
_c1625483
100 _a20080215d2007 |||y0rusy50 ca
101 0 _arus
102 _aRU
105 _ay |||||||||
200 1 _aСекс-туризм
_eза и против
_fАлександра Ходосова
210 _aМосква
_cЦентрполиграф
_d2007
215 _a188, [1] с.
_d21
225 1 _aSexpistols
_eкнига-провокация
606 1 _aТуризм
_9906944
_3RU\NLR\auth\6610825
686 _aЧ518.1
700 1 _aХодосова
_bА. П.
_gАлександра Петровна
_4070
801 0 _aRU
_bNLR
_c20080215
_gRCR
801 1 _aRU
_bNLR
_c20080215
830 _aавт7 по кн.
942 _cBOOK
980 _aNB
980 _aSUPPRESS